Everything is romantic - Charli xcx - All Lyrics - Statistics

General Stats
  • This quiz has been taken 22 times
  • The average score is 339 of 494
Answer Stats
Answer % Correct
a
94%
Romantic,
89%
Romantic
89%
again
83%
and
83%
Everything
83%
(Everything
83%
F-
83%
Fall
83%
in
83%
In
83%
is
83%
is)
83%
is,
83%
lo-
83%
love
83%
on
83%
uh
83%
(Uh)
83%
Uh
83%
(Woo)
83%
Jesus
72%
plastic
72%
sign
72%
sign,
72%
Christ
67%
skin
67%
tattoos
61%
Bad
56%
the
50%
you
50%
distance
44%
leather-tanned
44%
Capri
39%
curtains
39%
drive
39%
lace
39%
place
39%
white
39%
can
33%
Early
33%
make
33%
manual
33%
nights
33%
sheets
33%
that
33%
with
33%
beach
28%
change
28%
doing
28%
mm
28%
Pompeii
28%
roads,
28%
family
22%
generations
22%
ground
22%
orange
22%
up
22%
Winding
22%
drinks
17%
Four
17%
Lemons
17%
trees
17%
Neon
11%
Sandals
11%
scooters
11%
stirrups
11%
of
6%
Evеrything
0%
thе
0%
No matching quizzes found
Score Distribution
Percent of People with Each Score
Percentile by Number Answered
Your Score History
You have not taken this quiz